Simulation modeling and analysis

Tallennettuna:
Bibliografiset tiedot
Päätekijä: Law, Averill M
Aineistotyyppi: Kirja
Kieli:Undetermined
Julkaistu: Dubuque McGraw-Hill Education 2013
Aiheet:
Linkit:http://lrc.tdmu.edu.vn/opac/search/detail.asp?aID=2&ID=22652
Tagit: Lisää tagi
Ei tageja, Lisää ensimmäinen tagi!
Thư viện lưu trữ: Trung tâm Học liệu Trường Đại học Thủ Dầu Một
LEADER 00623nam a2200193Ia 4500
001 TDMU_22652
008 210410s9999 xx 000 0 und d
082 |a 003.3 
090 |b L111 
100 |a Law, Averill M 
245 0 |a Simulation modeling and analysis 
245 0 |c Averill M. Law 
260 |a Dubuque 
260 |b McGraw-Hill Education 
260 |c 2013 
300 |a 776p. 
650 |a Digital computer simulation; Máy tính kỹ thuật số  |x Mô phỏng 
856 |u http://lrc.tdmu.edu.vn/opac/search/detail.asp?aID=2&ID=22652 
980 |a Trung tâm Học liệu Trường Đại học Thủ Dầu Một